[Event "COLOSSEUM 84"]
[Site "playchess.com #017390"]
[Date "2010.03.30"]
[Round "2"]
[White "Jugaru, Lucian"]
[Black "Stefan_mihalea3"]
[Result "1-0"]
[WhiteElo "1891"]
[BlackElo "1414"]
[PlyCount "113"]
[EventDate "2010.03.30"]
[EventType "swiss (blitz)"]

1. e4 {[%emt 0:00:01]} c6 {[%emt 0:00:02]} 2. d3 {[%emt 0:00:02]} d6 {
[%emt 0:00:00]} 3. Nd2 {[%emt 0:00:01]} e5 {[%emt 0:00:01]} 4. Ngf3 {
[%emt 0:00:06]} Nf6 {[%emt 0:00:02]} 5. g3 {[%emt 0:00:02]} Bg4 {[%emt 0:00:01]
} 6. h3 {[%emt 0:00:05]} Bxf3 {[%emt 0:00:02]} 7. Nxf3 {[%emt 0:00:00]} Be7 {
[%emt 0:00:02]} 8. Bg2 {[%emt 0:00:00]} O-O {[%emt 0:00:01]} 9. O-O {
[%emt 0:00:00]} Nbd7 {[%emt 0:00:02]} 10. c3 {[%emt 0:00:01]} d5 {
[%emt 0:00:01]} 11. Qc2 {[%emt 0:00:00]} dxe4 {[%emt 0:00:04]} 12. dxe4 {
[%emt 0:00:00]} Nc5 {[%emt 0:00:04]} 13. Ne1 {[%emt 0:00:14]} Bd6 {
[%emt 0:00:10]} 14. b4 {[%emt 0:00:12]} Ne6 {[%emt 0:00:03]} 15. Nf3 {
[%emt 0:00:08]} Qc7 {[%emt 0:00:03]} 16. Be3 {[%emt 0:00:00]} b6 {
[%emt 0:00:07]} 17. Rac1 {[%emt 0:00:03]} c5 {[%emt 0:00:03]} 18. a3 {
[%emt 0:00:01]} c4 {[%emt 0:00:06]} 19. Rfd1 {[%emt 0:00:02]} Rad8 {
[%emt 0:00:03]} 20. Rd2 {[%emt 0:00:01]} Qc6 {[%emt 0:00:03]} 21. Nh2 {
[%emt 0:00:08]} h6 {[%emt 0:00:05]} 22. Rcd1 {[%emt 0:00:01]} Be7 {
[%emt 0:00:04]} 23. Nf1 {[%emt 0:00:10]} a6 {[%emt 0:00:07]} 24. Rxd8 {
[%emt 0:00:03]} Rxd8 {[%emt 0:00:00]} 25. Rxd8+ {[%emt 0:00:00]} Bxd8 {
[%emt 0:00:01]} 26. a4 {[%emt 0:00:03]} b5 {[%emt 0:00:01]} 27. axb5 {
[%emt 0:00:01]} axb5 {[%emt 0:00:01]} 28. Qd1 {[%emt 0:00:11]} Nxe4 {
[%emt 0:00:07]} 29. Qc2 {[%emt 0:00:10]} f5 {[%emt 0:00:00]} 30. g4 {
[%emt 0:00:11]} g6 {[%emt 0:00:08]} 31. gxf5 {[%emt 0:00:04]} gxf5 {
[%emt 0:00:03]} 32. Ng3 {[%emt 0:00:00]} N6g5 {[%emt 0:00:07]} 33. Nxf5 {
[%emt 0:00:12]} Qg6 {[%emt 0:00:12]} 34. Ng3 {[%emt 0:00:08]} Kg7 {
[%emt 0:00:00]} 35. Bxg5 {[%emt 0:00:11]} Nxg5 {[%emt 0:00:09]} 36. Qxg6+ {
[%emt 0:00:03]} Kxg6 {[%emt 0:00:01]} 37. h4 {[%emt 0:00:01]} Ne6 {
[%emt 0:00:04]} 38. Be4+ {[%emt 0:00:00]} Kf7 {[%emt 0:00:05]} 39. Bc6 {
[%emt 0:00:00]} Bxh4 {[%emt 0:00:00]} 40. Bxb5 {[%emt 0:00:01]} Bxg3 {
[%emt 0:00:01]} 41. fxg3 {[%emt 0:00:00]} Ng5 {[%emt 0:00:02]} 42. Bxc4+ {
[%emt 0:00:00]} Ke7 {[%emt 0:00:03]} 43. b5 {[%emt 0:00:00]} Ne4 {
[%emt 0:00:01]} 44. Bd3 {[%emt 0:00:02]} Nxc3 {[%emt 0:00:00]} 45. b6 {
[%emt 0:00:01]} Nb5 {[%emt 0:00:00]} 46. Kg2 {[%emt 0:00:00]} Kd7 {
[%emt 0:00:00]} 47. Bxb5+ {[%emt 0:00:01]} Kc8 {[%emt 0:00:01]} 48. Bd3 {
[%emt 0:00:00]} Kb7 {[%emt 0:00:00]} 49. Kf3 {[%emt 0:00:00]} Kxb6 {
[%emt 0:00:00]} 50. Ke4 {[%emt 0:00:00]} Kc6 {[%emt 0:00:01]} 51. Kxe5 {
[%emt 0:00:00]} Kd7 {[%emt 0:00:01]} 52. Kf5 {[%emt 0:00:00]} Ke7 {
[%emt 0:00:00]} 53. Kg6 {[%emt 0:00:00]} Ke6 {[%emt 0:00:01]} 54. Kxh6 {
[%emt 0:00:00]} Kf6 {[%emt 0:00:00]} 55. g4 {[%emt 0:00:00]} Kf7 {
[%emt 0:00:01]} 56. g5 {[%emt 0:00:00]} Kg8 {[%emt 0:00:00]} 57. g6 {
Time [%emt 0:00:00]} 1-0

[Event "COLOSSEUM 84"]
[Site "playchess.com #017390"]
[Date "2010.03.30"]
[Round "1"]
[White "Jugaru, Lucian"]
[Black "aigresit"]
[Result "0-1"]
[WhiteElo "1917"]
[BlackElo "1715"]
[PlyCount "70"]
[EventDate "2010.03.30"]
[EventType "swiss (blitz)"]

1. e4 {[%emt 0:00:01]} c5 {[%emt 0:00:08]} 2. Nf3 {[%emt 0:00:01]} d6 {
[%emt 0:00:00]} 3. d4 {[%emt 0:00:00]} Nf6 {[%emt 0:00:02]} 4. Nc3 {
[%emt 0:00:08]} cxd4 {[%emt 0:00:01]} 5. Nxd4 {[%emt 0:00:00]} e5 {
[%emt 0:00:01]} 6. Nb3 {[%emt 0:00:03]} a6 {[%emt 0:00:03]} 7. a4 {
[%emt 0:00:03]} b6 {[%emt 0:00:11]} 8. Be2 {[%emt 0:00:01]} Bb7 {[%emt 0:00:02]
} 9. f3 {[%emt 0:00:00]} Be7 {[%emt 0:00:02]} 10. O-O {[%emt 0:00:01]} Nbd7 {
[%emt 0:00:01]} 11. Kh1 {[%emt 0:00:00]} O-O {[%emt 0:00:02]} 12. Bd3 {
[%emt 0:00:03]} Nc5 {[%emt 0:00:02]} 13. Nxc5 {[%emt 0:00:02]} dxc5 {
[%emt 0:00:01]} 14. Qe2 {[%emt 0:00:04]} Qc7 {[%emt 0:00:06]} 15. f4 {
[%emt 0:00:05]} Nd7 {[%emt 0:00:05]} 16. f5 {[%emt 0:00:00]} f6 {[%emt 0:00:02]
} 17. Bc4+ {[%emt 0:00:04]} Kh8 {[%emt 0:00:04]} 18. Nd5 {[%emt 0:00:01]} Qd8 {
[%emt 0:00:09]} 19. Nxe7 {[%emt 0:00:02]} Qxe7 {[%emt 0:00:02]} 20. Bd5 {
[%emt 0:00:14]} Bxd5 {[%emt 0:00:03]} 21. exd5 {[%emt 0:00:00]} Rfd8 {
[%emt 0:00:11]} 22. c4 {[%emt 0:00:01]} Rab8 {[%emt 0:00:03]} 23. Be3 {
[%emt 0:00:02]} Rb7 {[%emt 0:00:06]} 24. Rf3 {[%emt 0:00:02]} g6 {
[%emt 0:00:03]} 25. fxg6 {[%emt 0:00:02]} hxg6 {[%emt 0:00:01]} 26. Raf1 {
[%emt 0:00:07]} Kg7 {[%emt 0:00:01]} 27. Rh3 {[%emt 0:00:08]} Rh8 {
[%emt 0:00:00]} 28. Rxh8 {[%emt 0:00:02]} Kxh8 {[%emt 0:00:01]} 29. Rf3 {
[%emt 0:00:01]} Kg7 {[%emt 0:00:01]} 30. Rh3 {[%emt 0:00:04]} Rb8 {
[%emt 0:00:02]} 31. Qf3 {[%emt 0:00:10]} Rh8 {[%emt 0:00:03]} 32. Rxh8 {
[%emt 0:00:02]} Kxh8 {[%emt 0:00:00]} 33. Qh3+ {[%emt 0:00:00]} Qh7 {
[%emt 0:00:03]} 34. Qxd7 {[%emt 0:00:07]} Qxd7 {[%emt 0:00:02]} 35. h3 {
[%emt 0:00:01]} Kg7 {Jugarul resigns [%emt 0:00:01]} 0-1

[Event "COLOSSEUM 84"]
[Site "playchess.com #017390"]
[Date "2010.03.30"]
[Round "11"]
[White "Rebegea, Razvan-Vasile"]
[Black "Jugaru, Lucian"]
[Result "1-0"]
[WhiteElo "2062"]
[BlackElo "1878"]
[PlyCount "137"]
[EventDate "2010.03.30"]
[EventType "swiss (blitz)"]

1. e4 {[%emt 0:00:01]} c5 {[%emt 0:00:01]} 2. Nf3 {[%emt 0:00:02]} d6 {
[%emt 0:00:00]} 3. Bb5+ {[%emt 0:00:01]} Nd7 {[%emt 0:00:01]} 4. c4 {
[%emt 0:00:04]} a6 {[%emt 0:00:01]} 5. Bxd7+ {[%emt 0:00:01]} Bxd7 {
[%emt 0:00:00]} 6. d4 {[%emt 0:00:01]} e6 {[%emt 0:00:00]} 7. Nc3 {
[%emt 0:00:01]} cxd4 {[%emt 0:00:01]} 8. Nxd4 {[%emt 0:00:01]} Nf6 {
[%emt 0:00:00]} 9. O-O {[%emt 0:00:01]} Qc7 {[%emt 0:00:00]} 10. b3 {
[%emt 0:00:04]} Rc8 {[%emt 0:00:00]} 11. Be3 {[%emt 0:00:03]} Be7 {
[%emt 0:00:01]} 12. Rc1 {[%emt 0:00:02]} Qb8 {[%emt 0:00:01]} 13. Qe2 {
[%emt 0:00:07]} O-O {Rebegea reconnected. [%emt 0:00:04]} 14. Rfd1 {
[%emt 0:00:00]} Rfe8 {[%emt 0:00:02]} 15. f3 {[%emt 0:00:02]} g6 {
[%emt 0:00:05]} 16. Qf2 {[%emt 0:00:01]} d5 {[%emt 0:00:10]} 17. cxd5 {
[%emt 0:00:13]} exd5 {[%emt 0:00:00]} 18. Nxd5 {[%emt 0:00:09]} Nxd5 {
[%emt 0:00:01]} 19. exd5 {[%emt 0:00:00]} Bd6 {[%emt 0:00:13]} 20. g3 {
[%emt 0:00:08]} Bf8 {Rebegea reconnected. [%emt 0:00:15]} 21. Ne2 {
[%emt 0:00:09]} Qe5 {[%emt 0:00:03]} 22. Rxc8 {[%emt 0:00:00]} Bxc8 {
[%emt 0:00:00]} 23. Rd3 {[%emt 0:00:07]} Qa1+ {[%emt 0:00:10]} 24. Kg2 {
[%emt 0:00:02]} Qxa2 {[%emt 0:00:01]} 25. d6 {[%emt 0:00:09]} Bd7 {
[%emt 0:00:02]} 26. Nc3 {[%emt 0:00:02]} Qxf2+ {[%emt 0:00:02]} 27. Kxf2 {
[%emt 0:00:02]} Re6 {Rebegea reconnected. [%emt 0:00:11]} 28. Ne4 {
[%emt 0:00:00]} f5 {[%emt 0:00:02]} 29. Nc5 {[%emt 0:00:03]} Rxd6 {
[%emt 0:00:14]} 30. Rxd6 {[%emt 0:00:02]} Bxd6 {[%emt 0:00:00]} 31. Nxd7 {
[%emt 0:00:00]} b5 {[%emt 0:00:03]} 32. Bc5 {[%emt 0:00:02]} Bc7 {
[%emt 0:00:03]} 33. b4 {[%emt 0:00:00]} Kf7 {[%emt 0:00:03]} 34. Bb6 {
[%emt 0:00:01]} Bd6 {[%emt 0:00:02]} 35. Nc5 {[%emt 0:00:01]} Kf6 {
[%emt 0:00:05]} 36. Nxa6 {[%emt 0:00:01]} Ke6 {[%emt 0:00:02]} 37. Nc7+ {
[%emt 0:00:01]} Ke5 {[%emt 0:00:07]} 38. Nxb5 {[%emt 0:00:00]} Bxb4 {
[%emt 0:00:00]} 39. Bc7+ {[%emt 0:00:01]} Kd5 {[%emt 0:00:02]} 40. Bf4 {
[%emt 0:00:02]} Bc5+ {[%emt 0:00:01]} 41. Ke2 {[%emt 0:00:01]} Bf8 {
[%emt 0:00:06]} 42. Nc3+ {[%emt 0:00:02]} Kc4 {[%emt 0:00:01]} 43. Nd1 {
[%emt 0:00:00]} h6 {[%emt 0:00:01]} 44. Ne3+ {[%emt 0:00:02]} Kc5 {
[%emt 0:00:01]} 45. Kd3 {[%emt 0:00:02]} Kc6 {[%emt 0:00:02]} 46. Kc4 {
[%emt 0:00:02]} Kd7 {[%emt 0:00:00]} 47. Nd5 {[%emt 0:00:01]} Ke6 {
[%emt 0:00:02]} 48. Nc7+ {[%emt 0:00:01]} Kf7 {[%emt 0:00:02]} 49. Kd5 {
[%emt 0:00:01]} g5 {[%emt 0:00:01]} 50. Be5 {[%emt 0:00:01]} f4 {[%emt 0:00:02]
} 51. g4 {[%emt 0:00:01]} Kg6 {[%emt 0:00:02]} 52. h3 {[%emt 0:00:01]} Ba3 {
[%emt 0:00:02]} 53. Ke6 {[%emt 0:00:01]} Bb4 {[%emt 0:00:01]} 54. Bd6 {
[%emt 0:00:01]} Bd2 {[%emt 0:00:01]} 55. Nd5 {[%emt 0:00:00]} Bc1 {
[%emt 0:00:01]} 56. Ne7+ {[%emt 0:00:01]} Kg7 {[%emt 0:00:01]} 57. Kf5 {
[%emt 0:00:00]} Kf7 {[%emt 0:00:01]} 58. Nd5 {[%emt 0:00:01]} Kg7 {
[%emt 0:00:01]} 59. Be5+ {[%emt 0:00:01]} Kh7 {[%emt 0:00:01]} 60. Ke6 {
[%emt 0:00:00]} Be3 {[%emt 0:00:01]} 61. Kf7 {[%emt 0:00:01]} Bd2 {
[%emt 0:00:02]} 62. Nf6+ {[%emt 0:00:01]} Kh8 {[%emt 0:00:01]} 63. Ng8+ {
[%emt 0:00:01]} Kh7 {[%emt 0:00:02]} 64. Ne7 {[%emt 0:00:00]} Bc3 {
[%emt 0:00:02]} 65. Bxc3 {[%emt 0:00:01]} h5 {[%emt 0:00:01]} 66. Ng6 {
[%emt 0:00:00]} hxg4 {[%emt 0:00:01]} 67. hxg4 {[%emt 0:00:00]} Kh6 {
[%emt 0:00:01]} 68. Bg7+ {[%emt 0:00:01]} Kh7 {[%emt 0:00:01]} 69. Nf8# {
(Lag: Av=0.93s, max=18.6s) [%emt 0:00:00]} 1-0

[Event "COLOSSEUM 84"]
[Site "playchess.com #017390"]
[Date "2010.03.30"]
[Round "7"]
[White "SHOWMETHEMONY"]
[Black "Jugaru, Lucian"]
[Result "0-1"]
[WhiteElo "1528"]
[BlackElo "1873"]
[PlyCount "108"]
[EventDate "2010.03.30"]
[EventType "swiss (blitz)"]

1. e4 {[%emt 0:00:05]} c5 {[%emt 0:00:02]} 2. Nc3 {[%emt 0:00:01]} d6 {
[%emt 0:00:00]} 3. g3 {[%emt 0:00:01]} e6 {[%emt 0:00:02]} 4. Bg2 {
[%emt 0:00:01]} a6 {[%emt 0:00:00]} 5. d3 {[%emt 0:00:02]} Nc6 {[%emt 0:00:00]}
6. Be3 {[%emt 0:00:00]} Qc7 {[%emt 0:00:00]} 7. Qd2 {[%emt 0:00:01]} Nf6 {
[%emt 0:00:00]} 8. h3 {[%emt 0:00:02]} Be7 {[%emt 0:00:00]} 9. g4 {
[%emt 0:00:01]} b5 {[%emt 0:00:03]} 10. g5 {[%emt 0:00:05]} Nd7 {[%emt 0:00:01]
} 11. Nf3 {[%emt 0:00:03]} b4 {[%emt 0:00:01]} 12. Ne2 {[%emt 0:00:01]} Bb7 {
[%emt 0:00:00]} 13. h4 {[%emt 0:00:00]} d5 {[%emt 0:00:02]} 14. exd5 {
[%emt 0:00:08]} exd5 {[%emt 0:00:01]} 15. Bf4 {[%emt 0:00:06]} Bd6 {
[%emt 0:00:08]} 16. O-O {[%emt 0:00:14]} O-O-O {[%emt 0:00:07]} 17. Bxd6 {
[%emt 0:00:06]} Qxd6 {[%emt 0:00:01]} 18. c3 {[%emt 0:00:04]} a5 {
[%emt 0:00:05]} 19. a3 {[%emt 0:00:04]} b3 {[%emt 0:00:03]} 20. c4 {
[%emt 0:00:02]} dxc4 {[%emt 0:00:07]} 21. dxc4 {[%emt 0:00:13]} Qxd2 {
[%emt 0:00:01]} 22. Nxd2 {[%emt 0:00:02]} Nde5 {[%emt 0:00:00]} 23. Nxb3 {
[%emt 0:00:08]} Nd4 {[%emt 0:00:20]} 24. Nexd4 {[%emt 0:00:06]} cxd4 {
[%emt 0:00:00]} 25. Nxa5 {[%emt 0:00:01]} Bxg2 {[%emt 0:00:02]} 26. Kxg2 {
[%emt 0:00:00]} d3 {[%emt 0:00:05]} 27. Rad1 {[%emt 0:00:02]} Rd4 {
[%emt 0:00:02]} 28. f4 {[%emt 0:00:04]} Nxc4 {[%emt 0:00:13]} 29. Nxc4 {
[%emt 0:00:05]} Rxc4 {[%emt 0:00:00]} 30. Rxd3 {[%emt 0:00:02]} Rc2+ {
[%emt 0:00:00]} 31. Rf2 {[%emt 0:00:01]} Rc4 {[%emt 0:00:01]} 32. Rfd2 {
[%emt 0:00:03]} Re8 {[%emt 0:00:05]} 33. Kg3 {[%emt 0:00:04]} h6 {
[%emt 0:00:03]} 34. b3 {[%emt 0:00:02]} Rce4 {[%emt 0:00:00]} 35. Kf3 {
[%emt 0:00:02]} hxg5 {[%emt 0:00:02]} 36. hxg5 {[%emt 0:00:02]} f6 {
[%emt 0:00:01]} 37. gxf6 {[%emt 0:00:04]} gxf6 {[%emt 0:00:01]} 38. b4 {
[%emt 0:00:02]} f5 {[%emt 0:00:01]} 39. Rd6 {[%emt 0:00:09]} Re3+ {
[%emt 0:00:00]} 40. Kf2 {[%emt 0:00:01]} Rxa3 {[%emt 0:00:04]} 41. b5 {
[%emt 0:00:01]} Ree3 {[%emt 0:00:04]} 42. Rc6+ {[%emt 0:00:02]} Kb7 {
[%emt 0:00:02]} 43. Rd7+ {[%emt 0:00:01]} Kb8 {[%emt 0:00:00]} 44. Rf6 {
[%emt 0:00:01]} Rf3+ {[%emt 0:00:00]} 45. Ke2 {[%emt 0:00:01]} Rae3+ {
[%emt 0:00:03]} 46. Kd2 {[%emt 0:00:01]} Rc3 {[%emt 0:00:01]} 47. Rf8+ {
[%emt 0:00:04]} Rc8 {[%emt 0:00:00]} 48. Rff7 {[%emt 0:00:02]} Rh8 {
[%emt 0:00:09]} 49. Rb7+ {[%emt 0:00:05]} Ka8 {[%emt 0:00:00]} 50. Ra7+ {
[%emt 0:00:02]} Kb8 {[%emt 0:00:00]} 51. Rfb7+ {[%emt 0:00:01]} Kc8 {
[%emt 0:00:00]} 52. Ra8+ {[%emt 0:00:02]} Kxb7 {[%emt 0:00:01]} 53. Rxh8 {
[%emt 0:00:01]} Rxf4 {[%emt 0:00:00]} 54. Rh6 {[%emt 0:00:03]} Rb4 {
Time [%emt 0:00:00]} 0-1

[Event "COLOSSEUM 84"]
[Site "playchess.com #017390"]
[Date "2010.03.30"]
[Round "5"]
[White "anakondax"]
[Black "Jugaru, Lucian"]
[Result "1-0"]
[WhiteElo "1995"]
[BlackElo "1879"]
[PlyCount "49"]
[EventDate "2010.03.30"]
[EventType "swiss (blitz)"]

1. Nf3 {[%emt 0:00:02]} Nf6 {[%emt 0:00:02]} 2. d4 {[%emt 0:00:01]} g6 {
[%emt 0:00:00]} 3. Nc3 {[%emt 0:00:01]} Bg7 {[%emt 0:00:00]} 4. Bg5 {
[%emt 0:00:00]} d6 {[%emt 0:00:00]} 5. Qd2 {[%emt 0:00:01]} Nbd7 {
[%emt 0:00:00]} 6. Bh6 {[%emt 0:00:01]} Bxh6 {[%emt 0:00:03]} 7. Qxh6 {
[%emt 0:00:00]} c6 {[%emt 0:00:00]} 8. Ng5 {[%emt 0:00:07]} Nf8 {[%emt 0:00:47]
} 9. Qg7 {[%emt 0:00:05]} Rg8 {[%emt 0:00:00]} 10. Qxf7+ {[%emt 0:00:01]} Kd7 {
[%emt 0:00:00]} 11. Nce4 {[%emt 0:00:06]} Nxe4 {[%emt 0:00:09]} 12. Nxe4 {
[%emt 0:00:05]} Kc7 {[%emt 0:00:00]} 13. Qxg8 {[%emt 0:00:02]} Bf5 {
[%emt 0:00:02]} 14. f3 {[%emt 0:00:18]} d5 {[%emt 0:00:04]} 15. g4 {
[%emt 0:00:07]} dxe4 {[%emt 0:00:03]} 16. gxf5 {[%emt 0:00:02]} exf3 {
[%emt 0:00:01]} 17. e3 {[%emt 0:00:04]} gxf5 {[%emt 0:00:00]} 18. Qg3+ {
[%emt 0:00:04]} Kd7 {[%emt 0:00:03]} 19. Qxf3 {[%emt 0:00:01]} Qa5+ {
[%emt 0:00:01]} 20. c3 {[%emt 0:00:03]} Rd8 {[%emt 0:00:02]} 21. Bd3 {
[%emt 0:00:05]} e6 {[%emt 0:00:01]} 22. e4 {[%emt 0:00:02]} Kc8 {[%emt 0:00:08]
} 23. exf5 {[%emt 0:00:04]} exf5 {[%emt 0:00:00]} 24. Qxf5+ {[%emt 0:00:01]}
Kb8 {[%emt 0:00:01]} 25. Qxa5 {Jugarul resigns [%emt 0:00:04]} 1-0

[Event "COLOSSEUM 84"]
[Site "playchess.com #017390"]
[Date "2010.03.30"]
[Round "3"]
[White "jackone"]
[Black "Jugaru, Lucian"]
[Result "1-0"]
[WhiteElo "1902"]
[BlackElo "1893"]
[PlyCount "67"]
[EventDate "2010.03.30"]
[EventType "swiss (blitz)"]

1. e4 {[%emt 0:00:01]} c5 {[%emt 0:00:01]} 2. Nf3 {[%emt 0:00:01]} d6 {
[%emt 0:00:00]} 3. d4 {[%emt 0:00:01]} cxd4 {[%emt 0:00:00]} 4. Nxd4 {
[%emt 0:00:01]} Nf6 {[%emt 0:00:00]} 5. Bd3 {[%emt 0:00:01]} a6 {[%emt 0:00:00]
} 6. Nc3 {[%emt 0:00:01]} e6 {[%emt 0:00:00]} 7. Bg5 {[%emt 0:00:01]} Nbd7 {
[%emt 0:00:00]} 8. Qd2 {[%emt 0:00:01]} Qc7 {[%emt 0:00:00]} 9. O-O-O {
[%emt 0:00:01]} b5 {[%emt 0:00:00]} 10. f3 {[%emt 0:00:04]} Bb7 {[%emt 0:00:05]
} 11. h4 {[%emt 0:00:05]} b4 {[%emt 0:00:02]} 12. Nce2 {[%emt 0:00:03]} d5 {
[%emt 0:00:01]} 13. exd5 {[%emt 0:00:05]} Nxd5 {[%emt 0:00:02]} 14. Rhe1 {
[%emt 0:00:08]} Bc5 {[%emt 0:00:00]} 15. Nb3 {[%emt 0:00:04]} Bd6 {
[%emt 0:00:11]} 16. Kb1 {[%emt 0:00:01]} O-O {[%emt 0:00:02]} 17. h5 {
[%emt 0:00:02]} f6 {[%emt 0:00:11]} 18. Bh4 {[%emt 0:00:08]} Nc5 {
[%emt 0:00:13]} 19. Ned4 {[%emt 0:00:13]} Nxb3 {[%emt 0:00:00]} 20. axb3 {
[%emt 0:00:02]} Bf4 {[%emt 0:00:19]} 21. Qf2 {[%emt 0:00:12]} e5 {
[%emt 0:00:15]} 22. Ne6 {[%emt 0:00:02]} Qe7 {[%emt 0:00:20]} 23. Nxf8 {
[%emt 0:00:04]} Rxf8 {[%emt 0:00:00]} 24. Bc4 {[%emt 0:00:01]} Rd8 {
[%emt 0:00:00]} 25. g3 {[%emt 0:00:02]} Bh6 {[%emt 0:00:05]} 26. f4 {
[%emt 0:00:09]} Kh8 {[%emt 0:00:04]} 27. f5 {[%emt 0:00:11]} a5 {[%emt 0:00:25]
} 28. Qa7 {[%emt 0:00:00]} Rd7 {[%emt 0:00:09]} 29. Bxd5 {. [%emt 0:00:14]}
Bxd5 {[%emt 0:00:01]} 30. Qxa5 {[%emt 0:00:04]} Ra7 {[%emt 0:00:01]} 31. Qxd5 {
[%emt 0:00:12]} g6 {[%emt 0:00:04]} 32. hxg6 {[%emt 0:00:05]} hxg6 {
[%emt 0:00:02]} 33. fxg6 {[%emt 0:00:01]} Bg7 {[%emt 0:00:01]} 34. g4 {
' Time [%emt 0:00:03]} 1-0

[Event "CAMPIONATUL NATIONAL INDIVIDUA"]
[Site "BAILE OLANESTI"]
[Date "2010.02.07"]
[Round "9.48"]
[White "Jugaru, Lucian"]
[Black "Secheres, Adrian Simion"]
[Result "1/2-1/2"]
[WhiteElo "1914"]
[BlackElo "1825"]
[PlyCount "64"]
[EventDate "2010.01.31"]

1. e4 c6 2. d4 d5 3. Nd2 dxe4 4. Nxe4 Bf5 5. Ng3 Bg6 6. Nf3 Nd7 7. Bd3 Qc7 8.
O-O e6 9. c4 Ngf6 10. a3 Be7 11. b4 O-O 12. Re1 Rfe8 13. Bxg6 hxg6 14. Bb2 a5
15. bxa5 Rxa5 16. Qc2 Rea8 17. Re3 Bd6 18. Nf1 b5 19. N1d2 Ra4 20. Rb3 Qa5 21.
cxb5 cxb5 22. Qc6 Qa6 23. Qxa6 R4xa6 24. Rxb5 Bxa3 25. Bxa3 Rxa3 26. Rc1 Ra1
27. Rbb1 Rxb1 28. Rxb1 Nd5 29. h3 Rd8 30. Rb7 Nf4 31. Nc4 f6 32. Ra7 Nf8
1/2-1/2

[Event "CAMPIONATUL NATIONAL INDIVIDUA"]
[Site "BAILE OLANESTI"]
[Date "2010.02.06"]
[Round "8.33"]
[White "Posedaru , Bogdan"]
[Black "Jugaru, Lucian"]
[Result "1-0"]
[WhiteElo "2257"]
[BlackElo "1914"]
[PlyCount "123"]
[EventDate "2010.01.31"]

1. d4 Nf6 2. c4 g6 3. Nc3 Bg7 4. e4 d6 5. f3 O-O 6. Be3 e5 7. Nge2 c6 8. Qd2
Nbd7 9. O-O-O a6 10. Kb1 b5 11. c5 exd4 12. Nxd4 dxc5 13. Nxc6 Qc7 14. Ne7+ Kh8
15. Ncd5 Nxd5 16. Nxd5 Qd6 17. f4 Nb6 18. Qc2 Bg4 19. Be2 Bxe2 20. Bxc5 Bxd1
21. Rxd1 Qc6 22. Bxf8 Qxc2+ 23. Kxc2 Bxf8 24. Nxb6 Rb8 25. Nd5 Kg7 26. Kd2 Bc5
27. Rc1 Bd4 28. Rc2 Rd8 29. Kd3 Bg1 30. g4 Kf8 31. h3 f5 32. gxf5 gxf5 33. Rg2
Ba7 34. Rg5 fxe4+ 35. Kxe4 Rc8 36. Rf5+ Kg7 37. Rg5+ Kf8 38. Rf5+ Kg7 39. Re5
Rc4+ 40. Kf5 Bd4 41. Re7+ Kg8 42. Re2 Rc5 43. Ke4 Bg7 44. b3 Kf7 45. Rd2 Rc6
46. f5 Rc1 47. Kf3 Rf1+ 48. Rf2 Rc1 49. Re2 Rc6 50. Re7+ Kf8 51. Re6 Rc5 52.
Ke4 a5 53. f6 Bh6 54. Re7 Kg8 55. Rc7 Rxc7 56. Nxc7 Kf7 57. Kf5 b4 58. Nb5 Bf8
59. Nd4 Bc5 60. Nc6 Bb6 61. Ne5+ Ke8 62. Ke6 1-0

[Event "CAMPIONATUL NATIONAL INDIVIDUA"]
[Site "BAILE OLANESTI"]
[Date "2010.02.05"]
[Round "7.52"]
[White "Jugaru, Lucian"]
[Black "Secheres, Adrian Simion"]
[Result "1-0"]
[WhiteElo "1914"]
[BlackElo "1793"]
[PlyCount "79"]
[EventDate "2010.01.31"]

1. e4 c5 2. Nf3 d6 3. d4 cxd4 4. Nxd4 Nf6 5. Nc3 g6 6. f3 Bg7 7. Be3 O-O 8. Qd2
Nc6 9. O-O-O d5 10. Nxc6 bxc6 11. exd5 cxd5 12. Bd4 e6 13. Bb5 Bd7 14. Be5 Bxb5
15. Nxb5 Qb6 16. Nc3 Rfc8 17. Qd4 Rc4 18. Qxb6 axb6 19. Kb1 Rac8 20. Rd4 Ne8
21. Rxc4 Rxc4 22. Bxg7 Nxg7 23. Rd1 Nf5 24. Ne2 Ne3 25. Rd2 Nxg2 26. Nd4 Ne3
27. b3 Rc8 28. a4 Nf5 29. Nxf5 gxf5 30. Rg2+ Kf8 31. Kb2 f6 32. h4 e5 33. h5 e4
34. h6 Rc7 35. Rg7 Rxg7 36. hxg7+ Kxg7 37. fxe4 fxe4 38. b4 e3 39. Kc3 h5 40.
Kd3 1-0

[Event "CAMPIONATUL NATIONAL INDIVIDUA"]
[Site "BAILE OLANESTI"]
[Date "2010.02.04"]
[Round "6.38"]
[White "Pop, Alexandru"]
[Black "Jugaru, Lucian"]
[Result "1-0"]
[WhiteElo "2067"]
[BlackElo "1914"]
[PlyCount "43"]
[EventDate "2010.01.31"]

1. e4 c5 2. Nc3 e6 3. Nge2 Nc6 4. g3 d5 5. exd5 exd5 6. d4 c4 7. Bg2 Be6 8. O-O
Qd7 9. Nf4 Nf6 10. Re1 O-O-O 11. Nxe6 fxe6 12. Bh3 Re8 13. Ne2 Bd6 14. Nf4 Nd8
15. Qe2 Ne4 16. Nxd5 Nxf2 17. Kxf2 Bxg3+ 18. hxg3 Qxd5 19. Qe5 Rhf8+ 20. Kg1
Qf3 21. Bf4 Rxf4 22. Qxf4 1-0

[Event "CAMPIONATUL NATIONAL INDIVIDUAL MASCULI"]
[Site "BAILE OLANESTI"]
[Date "2010.02.02"]
[Round "3.30"]
[White "Jugaru, Lucian"]
[Black "Taga, Georgica"]
[Result "0-1"]
[WhiteElo "1914"]
[BlackElo "2202"]
[PlyCount "84"]
[EventDate "2010.??.??"]

1. e4 c5 2. Nf3 d6 3. d4 cxd4 4. Nxd4 Nf6 5. Nc3 a6 6. a4 e5 7. Nb3 Be6 8. Be2
Qc7 9. O-O Be7 10. Kh1 Nc6 11. f4 Nb4 12. f5 Bc4 13. Be3 d5 14. exd5 Nbxd5 15.
Nxd5 Nxd5 16. Bf2 O-O 17. Bxc4 Qxc4 18. Nd2 Qc6 19. Qf3 Rac8 20. c4 Nf6 21.
Qxc6 Rxc6 22. b3 Rd8 23. Nf3 e4 24. Ne5 Rcc8 25. h3 h5 26. Rad1 Bb4 27. Be3 Bc3
28. Bf4 Re8 29. Nd7 e3 30. Nxf6+ gxf6 31. Bxe3 Rxe3 32. Rd7 Rb8 33. Kg1 Be5 34.
Rb1 Bg3 35. c5 Rbe8 36. Rdd1 R8e5 37. b4 Rxf5 38. Rdc1 Re2 39. Rf1 Rxf1+ 40.
Kxf1 Rf2+ 41. Kg1 Ra2 42. b5 Bf2+ 0-1

[Event "CAMPIONATUL NATIONAL INDIVIDUA"]
[Site "BAILE OLANESTI"]
[Date "2010.02.01"]
[Round "2.31"]
[White "Dobre, Claudiu Cristian"]
[Black "Jugaru, Lucian"]
[Result "1-0"]
[WhiteElo "2338"]
[BlackElo "1914"]
[PlyCount "93"]
[EventDate "2010.01.31"]

1. d4 Nf6 2. Nf3 g6 3. c4 Bg7 4. Nc3 O-O 5. e4 d6 6. Be2 e5 7. O-O Nc6 8. d5
Ne7 9. Ne1 Ne8 10. f3 f5 11. g4 fxg4 12. fxg4 Rxf1+ 13. Kxf1 a5 14. Kg2 c6 15.
Nd3 cxd5 16. cxd5 Bd7 17. Nf2 Nc7 18. Be3 Na6 19. Na4 Nc8 20. Qb3 Bxa4 21. Qxa4
Nc5 22. Qc2 Bf8 23. g5 Nb6 24. Bg4 Nbd7 25. Qe2 Rb8 26. h4 Be7 27. Rh1 b5 28.
Qf3 Nf8 29. Qh3 Rb7 30. Rc1 b4 31. Qg3 Nfd7 32. Bxc5 Nxc5 33. Rxc5 dxc5 34.
Be6+ Kg7 35. Qxe5+ Bf6 36. gxf6+ Qxf6 37. Ng4 Qxe5 38. Nxe5 Kf6 39. Nc4 a4 40.
e5+ Ke7 41. Bg4 Kd8 42. d6 Rf7 43. e6 Rf4 44. e7+ Ke8 45. Ne5 Rxg4+ 46. Nxg4 c4
47. Nf6+ 1-0

[Event "Campionatul National de Sah Masculin"]
[Site "Baile Olanesti"]
[Date "2010.01.31"]
[Round "1.17"]
[White "Jugaru, Lucian"]
[Black "Manea, Alexandru"]
[Result "1-0"]
[WhiteElo "1914"]
[BlackElo "2400"]
[PlyCount "65"]
[EventDate "2010.??.??"]

1. e4 c5 2. Nf3 e6 3. a3 Nf6 4. Nc3 Nc6 5. d4 cxd4 6. Nxd4 a6 7. Be2 Qc7 8. O-O
b5 9. Kh1 Bb7 10. f4 d6 11. Bf3 Be7 12. Be3 O-O 13. Qe1 Rad8 14. Nxc6 Bxc6 15.
Qg3 d5 16. exd5 Nxd5 17. Nxd5 Bxd5 18. Bd4 g6 19. c3 Bxf3 20. Rxf3 Rd5 21. Qf2
Rfd8 22. Re1 Qc4 23. Qg3 Bc5 24. Bf6 Rd1 25. Bxd8 Qe2 26. Bh4 Be7 27. Qf2 Bxh4
28. Qxe2 Rxe1+ 29. Qxe1 Bxe1 30. Rd3 Bf2 31. g3 Kf8 32. Rd6 a5 33. Ra6 1-0